000 00639nam a2200205 i 4500
001 51439
003 ES-MaACL
005 20240223093634.0
007 t|
008 030813s1929 sp ||||1| spa d
100 1 _aChasles, Pierre.
_938157
245 1 0 _aLenin el dictador rojo /
_cPierre Chasles ; traducción del francés por Alejandro Bon.
260 _aBarcelona :
_b[s.n.,
_c1929] (
_fImpresos Costa)
300 _a292 p., 20 lám. ;
_c21 cm.
600 1 4 _aLenin, Vladimir Il'ich,
_d1870-1924
_971523
700 1 _aBon, Alejandro.
_930038
852 _aES-MaACL
_jB-5707
942 _2udc
999 _c51439
_d51439